000 00435nam a22001697a 4500
003 UA-OsUOA
001 5317
007 ta
008 20050721b un ||||| |||| 00| 0 ukr d
100 _aХоменко
700 _aО. А.
942 _cBK
040 _aUA-OsUOA
_cUA-OsUOA
_dUA-OsUOA
245 _aЗастосування пісенних автет. матер. для формуван..
_bBA Paper
955 _a2
650 7 _2UDC
999 _c291479
_d291479